000 00282nam a2200109Ia 4500
008 190216s9999||||xx |||||||||||||| ||und||
100 _aSagar & Chopra
245 0 _aState Bank Probationary Officers Guide
260 _bNew Light Publishers
_c1987
300 _a345p
942 _cREF
999 _c35618
_d35618